Online
Catalog

Nueva autodidáctica : (Record no. 19725)

MARC details
000 -CABECERA
campo de control de longitud fija 01713nam a2200265 a 4500
001 - NÚMERO DE CONTROL
campo de control 000020220
005 - FECHA Y HORA DE LA ÚLTIMA TRANSACCIÓN
campo de control 20240731082000.0
008 - DATOS DE LONGITUD FIJA--INFORMACIÓN GENERAL
campo de control de longitud fija 100728s2007 sp abcf 000 0 spa d
020 ## - NÚMERO INTERNACIONAL ESTÁNDAR DEL LIBRO
Número Internacional Estándar del Libro 9788449425776 (obra completa)
040 ## - FUENTE DE LA CATALOGACIÓN
Centro catalogador/agencia de origen DO-SdBNP
Lengua de catalogación spa
Centro/agencia transcriptor BNPHU
082 ## - NÚMERO DE LA CLASIFICACIÓN DECIMAL DEWEY
Número de clasificación R 036
Número de documento/Ítem N964a
049 ## - FONDOS LOCALES (OCLC)
Fondos de biblioteca BNPD
245 00 - MENCIÓN DE TÍTULO
Título Nueva autodidáctica :
Resto del título enciclopedia temática universal /
Mención de responsabilidad, etc. dirección Carlos de Gispert ; coordinación Juan Pérez ; edición Ana Biosca, José Gárriz, Daniel Torras, María Villalba.
260 ## - PUBLICACIÓN, DISTRIBUCIÓN, ETC.
Lugar de publicación, distribución, etc. Barcelona :
Nombre del editor, distribuidor, etc. Océano,
Fecha de publicación, distribución, etc. 2007.
300 ## - DESCRIPCIÓN FÍSICA
Extensión 8 v. :
Otras características físicas il., mapas, retrs. ;
Dimensiones 29 cm.
505 2# - NOTA DE CONTENIDO CON FORMATO
Nota de contenido con formato v. 1 Biología -- Geología -- Botánica -- Zoología -- Ecología -- V. 2 El cuerpo humano -- Educación sexual -- Educación física -- Geografía general -- Atlas -- Geografía descriptiva -- v. 3 Astronomía -- Física -- Electricidad -- Electrónica -- Tecnología mecánica -- v. 4 Cómo funciona -- Computación -- La computadora personal -- Internet -- Química orgánica -- Química inorgánica -- v. 5 Álgebra -- Geometría -- Contabilidad -- v. 6 Estadística -- Historia universal -- Historia de América Latina -- Comunicación --v. 7 Gramática -- Filosofía -- Literatura universal -- v. 8 Literatura española -- Literatura hispanoamericana -- Historia del arte -- Historia de la música -- Autoevaluación -- Índice analítico.
650 #0 - PUNTO DE ACCESO ADICIONAL DE MATERIA--TÉRMINO DE MATERIA
Término de materia o nombre geográfico como elemento de entrada Enciclopedias y diccionarios
9 (RLIN) 2045
700 1# - PUNTO DE ACCESO ADICIONAL--NOMBRE DE PERSONA
Nombre de persona Gispert, Carlos de
9 (RLIN) 33561
700 1# - PUNTO DE ACCESO ADICIONAL--NOMBRE DE PERSONA
Nombre de persona Pérez, Juan,
9 (RLIN) 37336
700 1# - PUNTO DE ACCESO ADICIONAL--NOMBRE DE PERSONA
Nombre de persona Biosca, Ana,
Término indicativo de función/relación ed.
9 (RLIN) 42820
700 1# - PUNTO DE ACCESO ADICIONAL--NOMBRE DE PERSONA
Nombre de persona Gárriz, José,
Término indicativo de función/relación ed.
9 (RLIN) 37335
700 1# - PUNTO DE ACCESO ADICIONAL--NOMBRE DE PERSONA
Nombre de persona Torras, Daniel,
Término indicativo de función/relación ed.
9 (RLIN) 42821
700 1# - PUNTO DE ACCESO ADICIONAL--NOMBRE DE PERSONA
Nombre de persona Villalba, María,
Término indicativo de función/relación ed.
9 (RLIN) 37337
910 ## - DATOS DE OPCIÓN DEL USUARIO (OCLC)
Datos de opción del usuario Validado. Control de calidad BNPHU
Holdings
Estado de retiro Estado de pérdida No para préstamo Código de colección Localización permanente Ubicación/localización actual Ubicación en estantería Fecha de adquisición Número de inventario Total de préstamos Signatura topográfica completa Código de barras Fecha visto por última vez Precio válido a partir de Tipo de ítem Koha
    Excluido de préstamo Referencia General General Biblioteca Nacional Pedro Henríquez Ureña Depósito 28.07.2010 LF1   v.1 20220-10 25.06.2020 25.06.2020 Préstamo en sala
    Excluido de préstamo Referencia General General Biblioteca Nacional Pedro Henríquez Ureña Depósito 28.07.2010 LF1   v.2 20220-20 25.06.2020 25.06.2020 Préstamo en sala
    Excluido de préstamo Referencia General General Biblioteca Nacional Pedro Henríquez Ureña Depósito 28.07.2010 LF1   v.3 20220-30 25.06.2020 25.06.2020 Préstamo en sala
    Excluido de préstamo Referencia General General Biblioteca Nacional Pedro Henríquez Ureña Depósito 28.07.2010 LF1   v.4 20220-40 25.06.2020 25.06.2020 Préstamo en sala
    Excluido de préstamo Referencia General General Biblioteca Nacional Pedro Henríquez Ureña Depósito 28.07.2010 LF1   v.5 20220-50 25.06.2020 25.06.2020 Préstamo en sala
    Excluido de préstamo Referencia General General Biblioteca Nacional Pedro Henríquez Ureña Depósito 28.07.2010 LF1   v.6 20220-60 25.06.2020 25.06.2020 Préstamo en sala
    Excluido de préstamo Referencia General General Biblioteca Nacional Pedro Henríquez Ureña Depósito 28.07.2010 LF1   v.7 20220-70 25.06.2020 25.06.2020 Préstamo en sala
    Excluido de préstamo Referencia General General Biblioteca Nacional Pedro Henríquez Ureña Depósito 28.07.2010 LF1   v.8 20220-80 25.06.2020 25.06.2020 Préstamo en sala

Powered by Koha